| 000 | 00323nam a22001097a 4500 | ||
|---|---|---|---|
| 008 | 230607b xxu||||| |||| 00| 0 eng d | ||
| 082 |
_a342.0 _bCON |
||
| 245 | _aHarmonized Draft Constitution of Kenya | ||
| 260 |
_aNairobi,Kenya _bCommittee of Experts on Constitutional Review _cNovember,2009 |
||
| 300 | _a165p | ||
| 942 |
_2ddc _cBK |
||
| 999 |
_c793 _d793 |
||